|
|
|
|
| LEADER |
00839nam a2200265 4500 |
| 001 |
DLU210195962 |
| 005 |
##20210401 |
| 040 |
# |
# |
|a DLU
|b vie
|
| 041 |
# |
# |
|a vie
|
| 044 |
# |
# |
|a vn
|
| 100 |
# |
# |
|a Trương Thanh Hà.
|
| 245 |
# |
# |
|a Bàn về đặc điểm của loại tội phạm làm giả con dấu, tài liệu của cơ quan, tổ chức /
|c Trương Thanh Hà.
|
| 653 |
# |
# |
|a Bộ luật hình sự năm 2015
|
| 653 |
# |
# |
|a Làm giả con dấu
|
| 653 |
# |
# |
|a Làm giả tài liệu
|
| 653 |
# |
# |
|a Tội phạm
|
| 773 |
# |
# |
|t Nghề luật
|g Số 4, 2016, tr. 66-70
|
| 920 |
# |
# |
|a Phòng Tạp chí -- Trung tâm Thông tin - Thư viện Trường Đại học Đà Lạt
|
| 900 |
# |
# |
|a True
|
| 911 |
# |
# |
|a Nguyễn Thị Thu Phương
|
| 925 |
# |
# |
|a G
|
| 926 |
# |
# |
|a A
|
| 927 |
# |
# |
|a BB
|
| 980 |
# |
# |
|a Thư viện Trường Đại học Đà Lạt
|